000 00475 a2200157 4500
020 _a9694741068
040 _aDLC
082 _a351.95491
100 _aSiddiqi, Moin Ahmed.
245 _aPakistani defatar main afradi entizam
_cMoin Ahmed Siddiqi.
260 _aIslamabad :
_bMuqtedara Qomi Zuban,
_c1993.
300 _a111 p. ;
_c24 cm.
500 _aIncludes bibliographical references and index.
650 _aHuman Resource Management.
942 _cBK
_k351.95491 SID
_2ddc
999 _c7288
_d7288